书目信息 |
| 题名: |
复变函数与积分变换
|
|
| 作者: | 周正中 , 郑吉富 编 | |
| 分册: | ||
| 出版信息: | 北京 高等教育出版社 1995.05 |
|
| 页数: | 213页 | |
| 开本: | 20cm | |
| 丛书名: | ||
| 单 册: | ||
| 中图分类: | O174.5 | |
| 科图分类: | ||
| 主题词: | 数学分析 | |
| 电子资源: | ||
| ISBN: | 7-04-005168-0 | |
| 000 | 00625nam0 2200205 45 | |
| 001 | 0255079370 | |
| 005 | 2002061015175922 | |
| 010 | @a7-04-005168-0@dRMB 7.10 | |
| 100 | @a20020610d1995 km y0chiy0120 ea | |
| 101 | 0 | @achi |
| 102 | @aCN@b110000 | |
| 200 | 1 | @a复变函数与积分变换@AFu Bian Han Shu Yu Ji Fen Bian Huan@f周正中,郑吉富编@Fzhou zheng zhong,zheng ji fu bian |
| 210 | @a北京@c高等教育出版社@d1995.05 | |
| 215 | @a213页@d20cm | |
| 606 | 0 | @a数学分析 |
| 690 | @aO174.5@v3 | |
| 701 | 0 | @a周正中@Azhou zheng zhong@4编 |
| 701 | 0 | @a郑吉富@Azheng ji fu@4编 |
| 801 | 0 | @aCN@bPFT@c20020610 |
| 905 | @a安徽大学@dO174.5@eZ810 | |
| 复变函数与积分变换/周正中,郑吉富编.-北京:高等教育出版社,1995.05 |
| 213页;20cm |
| ISBN 7-04-005168-0:RMB 7.10 |
| ● |
| 相关链接 |
|
|
|
正题名:复变函数与积分变换
索取号:O174.5/Z810
 
预约/预借
| 序号 | 登录号 | 条形码 | 馆藏地/架位号 | 状态 | 备注 |
| 1 | 362032 | 203620322 | 自科二线504/504自科库 48排2列4层/ [索取号:O174.5/Z810] | 在馆 | |
| 2 | 362033 | 203620331 | 自科二线504/504自科库 48排2列4层/ [索取号:O174.5/Z810] | 在馆 | |
| 3 | 362034 | 203620340 | 自科二线504/401自科库 47排7列2层/ [索取号:O174.5/Z810] | 在馆 |